Une petite maison 1923

Salvato in:
Dettagli Bibliografici
Autore principale: Le Corbusier (Autore)
Natura: Libro
Lingua:francese
Pubblicazione: Zurich Editions Girsberger 1954
Serie:Les carnets de la recherche patiente, 1
Soggetti:
Tags: Aggiungi Tag
Nessun Tag, puoi essere il primo ad aggiungerne!!

MARC

LEADER 00000nam a2200000 a 4500
001 UCV8041
003 CL-VaPUC
008 900419e19540000SZ |||||||||||||||||fre|d
082 0 4 |a 728.37  |b LEC  |2 21 
100 |a Le Corbusier  |e author  |9 265037 
245 1 4 |a Une petite maison 1923 
300 |a 84 p 
942 |c BK 
945 |d 19900419 00:00:00 
260 |a Zurich  |b Editions Girsberger  |c 1954 
650 0 |a Arquitectura de viviendas   |9 265159 
650 0 |a Arquitectura moderna   |v Siglo 20   |9 265427 
583 |a last modification  |c 19900419 00:00:00  |k Rodrigo Vera 
490 0 |a Les carnets de la recherche patiente, 1 
999 |c 213629  |d 213627 
952 |0 0  |1 0  |4 0  |6 728_370000000000000_LEC_1954  |7 0  |8 A  |9 196184  |a BIBARQ  |b BIBARQ  |d 2019-11-14  |i 264102K  |o 728.37 LEC 1954  |p 264102K  |r 2025-01-20  |w 2019-11-14  |y BK  |k ARQ